Montagu Evans & Son 1921-1971 (Record no. 107572)

MARC details
000 -LEADER
fixed length control field 00832cam a22002175a 4500
001 - CONTROL NUMBER
control field L140916
008 - FIXED-LENGTH DATA ELEMENTS--GENERAL INFORMATION
fixed length control field 071017s1971 xxkc g 000 0deng d
035 ## - SYSTEM CONTROL NUMBER
System control number (Sirsi) u140916
041 0# - LANGUAGE CODE
Language code of text/sound track or separate title eng
050 04 - LIBRARY OF CONGRESS CALL NUMBER
Classification number 920 $2 18
110 2# - MAIN ENTRY--CORPORATE NAME
Corporate name or jurisdiction name as entry element Montagu Evans and Son
9 (RLIN) 5453
245 00 - TITLE STATEMENT
Title Montagu Evans & Son 1921-1971
Remainder of title a short history
260 ## - PUBLICATION, DISTRIBUTION, ETC.
Place of publication, distribution, etc. [London]
Name of publisher, distributor, etc. [s.n.]
Date of publication, distribution, etc. [1971]
300 ## - PHYSICAL DESCRIPTION
Extent 20 p.
Other physical details ports.
Dimensions 21 cm.
505 0# - FORMATTED CONTENTS NOTE
Formatted contents note Early days -- High Holborn -- The war years -- The post-war years -- The sea came in -- College of Estate Management -- Awdry House -- The firm today
520 ## - SUMMARY, ETC.
Summary, etc. A history of the firm of Montagu Evans & Son, which was founded in 1921 by Captain Montagu Evans. Includes portraits and a list of staff as at 1971.
600 14 - SUBJECT ADDED ENTRY--PERSONAL NAME
Personal name Evans, Montagu
651 #4 - SUBJECT ADDED ENTRY--GEOGRAPHIC NAME
Geographic name United Kingdom
Chronological subdivision
690 ## - LOCAL SUBJECT ADDED ENTRY--TOPICAL TERM (OCLC, RLIN)
Topical term or geographic name as entry element PROPERTY
942 ## - ADDED ENTRY ELEMENTS (KOHA)
Suppress in OPAC 0
Holdings
Withdrawn status Lost status Source of classification or shelving scheme Damaged status Not for loan Home library Current library Shelving location Date acquired Total Checkouts Full call number Barcode Date last seen Date last checked out Copy number Price effective from Koha item type
    Dewey Decimal Classification     London London Reference copy 17/10/2007 1 920 MON 30072746 06/08/2019 17/10/2007 1 06/08/2019 Book
    Dewey Decimal Classification     London London Books 26/11/2007   920 MON 30074464 06/08/2019   3 06/08/2019 Book